Who's my baby?. (Record no. 104427)
[ view plain ]
| 000 -LEADER | |
|---|---|
| fixed length control field | 00562nam a2200169 a 4500 |
| 005 - DATE AND TIME OF LATEST TRANSACTION | |
| control field | 20140412111322.0 |
| 008 - FIXED-LENGTH DATA ELEMENTS--GENERAL INFORMATION | |
| fixed length control field | 010417s19uu xx 00 eng d |
| 020 ## - INTERNATIONAL STANDARD BOOK NUMBER | |
| International Standard Book Number | 1-85948-026-8 |
| 050 ## - LIBRARY OF CONGRESS CALL NUMBER | |
| Classification number | M 591.54 |
| Item number | W628 1994 |
| 245 ## - TITLE STATEMENT | |
| Title | Who's my baby?. |
| 260 ## - PUBLICATION, DISTRIBUTION, ETC. (IMPRINT) | |
| Place of publication, distribution, etc | London : |
| Name of publisher, distributor, etc | A Dorling Kindersley Book, |
| Date of publication, distribution, etc | 1994. |
| 300 ## - PHYSICAL DESCRIPTION | |
| Extent | 1 v. (unp.) ; ill. |
| 440 ## - SERIES STATEMENT/ADDED ENTRY--TITLE | |
| Title | Snap Shot |
| 520 ## - SUMMARY, ETC. | |
| Summary, etc | Which babies are stripy? Are butterflies born with wings? Find the answers to these questions in this stimulating look at animal babies. |
| 650 ## - SUBJECT ADDED ENTRY--TOPICAL TERM | |
| Topical term or geographic name as entry element | Baby animals |
| Withdrawn status | Lost status | Damaged status | Use restrictions | Home library | Current library | Shelving location | Date acquired | Source of acquisition | Cost, normal purchase price | Total Checkouts | Full call number | Barcode | Date last seen | Price effective from | Koha item type |
|---|---|---|---|---|---|---|---|---|---|---|---|---|---|---|---|
| Elizalde Library | Elizalde Library | Main Section | 04/17/2001 | 119.50 | M 591.54 W628 1994 | E7792 | 04/12/2014 | 04/12/2014 | Books |